Failure analysis of engineering Materials (Record no. 562879)
[ view plain ]
| 000 -LEADER | |
|---|---|
| fixed length control field | 00472nam a2200145Ia 4500 |
| 008 - FIXED-LENGTH DATA ELEMENTS--GENERAL INFORMATION | |
| fixed length control field | 210430s9999 xx 000 0 und d |
| 020 ## - INTERNATIONAL STANDARD BOOK NUMBER | |
| International Standard Book Number | 0-07-135758-0 |
| 082 ## - DEWEY DECIMAL CLASSIFICATION NUMBER | |
| Classification number | 620.1126 B8631 F |
| 100 ## - MAIN ENTRY--PERSONAL NAME | |
| Personal name | Charlie R Brooks |
| 9 (RLIN) | 52116 |
| 245 ## - TITLE STATEMENT | |
| Title | Failure analysis of engineering Materials |
| Statement of responsibility, etc. | Charlie R Brooks |
| 260 ## - PUBLICATION, DISTRIBUTION, ETC. | |
| Place of publication, distribution, etc. | New york |
| Name of publisher, distributor, etc. | McGraw Hill |
| Date of publication, distribution, etc. | 2002 |
| 300 ## - PHYSICAL DESCRIPTION | |
| Extent | 602p. |
| 856 ## - ELECTRONIC LOCATION AND ACCESS | |
| Uniform Resource Identifier | <a href="http://10.250.8.41:8080/xmlui/handle/123456789/46569">http://10.250.8.41:8080/xmlui/handle/123456789/46569</a> |
| Link text | For E-Book Click here |
| 942 ## - ADDED ENTRY ELEMENTS (KOHA) | |
| Koha item type | Book |
| Source of classification or shelving scheme | |
| Withdrawn status | Lost status | Damaged status | Not for loan | Collection code | Permanent Location | Current Location | Shelving location | Date acquired | Total Checkouts | Full call number | Barcode | Date last seen | Price effective from | Koha item type |
|---|---|---|---|---|---|---|---|---|---|---|---|---|---|---|
| School of Chemical & Materials Engineering (SCME) | School of Chemical & Materials Engineering (SCME) | General Stacks | 620.1126 B8631 F | SCME-1761 | 04/30/2021 | 04/30/2021 | Book |
